| 000 | 00000nam 2200000zi 4500 |
| 001 | 9.950790 |
| 003 | CaOODSP |
| 005 | 20250502151854 |
| 006 | m o d f |
| 007 | cr |n||||||||| |
| 008 | 250502s196509##oncb os f|0| 0 eng d |
| 040 | |aCaOODSP|beng|erda|cCaOODSP |
| 043 | |an-cn-bc |
| 086 | 1 |aFs52-2/821E-PDF |
| 100 | 1 |aJohnson, W. E., |eauthor. |
| 245 | 10|aQuantitative studies of the pelagic entomostracan zooplankton of Babine Lake and Nilkitkwa Lake, 1955-1963 : |bmethods, stations and basic data / |cW. E. Johnson. |
| 264 | 1|a[Ottawa] : |bFisheries Research Board of Canada, |cSeptember, 1965. |
| 300 | |a1 online resource (1 volume (various pagings)) : |bmaps. |
| 336 | |atext|btxt|2rdacontent |
| 337 | |acomputer|bc|2rdamedia |
| 338 | |aonline resource|bcr|2rdacarrier |
| 490 | 1 |aManuscript report series (biological) ; |vno. 821 |
| 500 | |aDigitized edition from print [produced by Department of Fisheries and Oceans]. |
| 500 | |a"Establishment, Biological Station, Nanaimo, B.C." |
| 500 | |aChiefly tables. |
| 520 | |a"The purpose of this report is to give a record of the station positions, to describe the methods of collection and analysis and to present the basic data for most of the samples taken. It is intended to be of use to investigators in future research on these lakes, as well as to be a source of the original data which is impossible to reproduce in its entirety in publications in the open literature"--page [i]. |
| 650 | 0|aFreshwater zooplankton|zBritish Columbia|vStatistics. |
| 650 | 0|aSockeye salmon|zBritish Columbia. |
| 650 | 6|aZooplancton d'eau douce|zColombie-Britannique|vStatistiques. |
| 650 | 6|aSaumon rouge|zColombie-Britannique. |
| 655 | 7|aStatistics|2lcgft |
| 655 | 7|aStatistiques|2rvmgf |
| 710 | 2 |aFisheries Research Board of Canada, |eissuing body. |
| 710 | 2 |aFisheries Research Board of Canada. |bBiological Station (Nanaimo, B.C.), |eissuing body. |
| 830 | #0|aManuscript report series (biological)|vno. 821.|w(CaOODSP)9.812823 |
| 856 | 40|qPDF|s11.50 MB|uhttps://publications.gc.ca/collections/collection_2025/mpo-dfo/fs52-2/Fs52-2-821-eng.pdf |